MDQL
is popping MORE tags! Check the
thread
!
Quizzes
Events
Quiz Creation
Community
Videos
Private Events
Remove Ads
Sign In
Join for FREE
Feedback
Dark Mode
Quiz Categories
Sports
Geography
Music
Movies
Television
Just For Fun
Miscellaneous
History
Literature
Language
Science
Gaming
Entertainment
Religion
Holiday
For Kids
Quiz Lab
Recent
Popular Today
Quiz Kudos Today
Editor Picks
Curator Picks
Quizzes by...
Day
Popularity
Type
Ratings
Length
Year
Community
Subscriptions
Recent Discussions
Orange Saloon
Badges
Playlists
Quests
Create
Leaderboards
Showdown
Live 5
Trivia Bingo
Activity
Puzzle Library
Sporcle Events
Private Events
Virtual Trivia
Globe League
Become a Host
Pub Owners
SporcleCon
Opinionation
Our Games
Videos
Blog
Mobile Apps
Partnerships
Remove Ads and Go Orange
Feedback
Gaming
Video Games
Board Games
Card Games
Pokémon
Mario
Nintendo
Minecraft
Console
Toys
Legend of Zelda
Gaming
Video Games
Board Games
Card Games
Pokémon
Mario
Nintendo
Minecraft
Console
Toys
Legend of Zelda
Random Quiz
Search Sporcle
×
Quiz Lab
Quiz Lab
Gaming
arena
Type in answers that appear in a list
Type in answers that appear in a list
Classic
Best Score? Go Orange.
Rayman Arena Characters Stats
Can you name the Rayman Arena Characters?
By
XPeaceChill
4m
11 Questions
108 Plays
108 Plays
108 Plays
Comments
Comments
Give Quiz Kudos
Give Quiz Kudos
-
- Ratings
hide this ad
Replay
Link that replays current quiz
Next Quiz
Link to next quiz in quiz playlist
You Got
0%
They Got
Avg Score
61%
Avg Friend Score
Upgrade to see
Score Distribution
Jump to the score distribution portion of the page
Score
0/11
Timer
04:00
0
Plays Today
Hint
Character
% Correct
Starting Character
Rayman
100%
Starting Character
Globox
98.1%
Starting Character
Admiral Razorbeard
78.7%
Starting Character
The Teensies
63.9%
Unlockable
Razorwife
56.5%
Unlockable
Tily
53.7%
Unlockable
Henchman 1000
53.7%
Unlockable-
Gamecube and Xbox only
Dark Globox
48.1%
Unlockable-
Gamecube and Xbox only
Dark Rayman
47.2%
Starting Character
Henchman 800
46.3%
Unlockable-
Rayman Rush only
Globette
25%
Quiz Playlist
Details
Report
Send in Message
Add To Playlist
Classic:
Type in answers that appear in a list
Last Updated: Feb 16, 2017
Quiz Scoreboard
CHALLENGE
Sign Up to Join the Scoreboard
Show All
Scores
Hide
Comments
May contain spoilers
Recently Published
Two Season TV Shows II
by 123Four
Television
10m
Image Sorting: Flags VI
by Barbecue
Geography
2m
Find the 'City' Movie
by crazypaving
Movies
60s
More to Explore
Quiz From the Vault
Featured Blog Post
14 Easter Pick-up Lines to Find Eggs With
hide this ad
You Might Also Like...
Tags
arena
Character
Today's Top Quizzes in Gaming
Browse Gaming
hide this ad
Today's Top Quizzes in arena
Browse arena
Top Contributed Quizzes in Gaming
1
League of Legends Pro Players by Career/Team History
2
Destiny 2 exotic weapons by perk icons
3
Genshin Impact Logic Puzzle
4
Genshin murder mystery
5
Dead By Daylight Logic Puzzle
6
4x4 Decades: Video Games
7
Ultimate Genshin Impact Logic Puzzle (up to 4.3)
8
Genshin Impact Logic Puzzle Quiz
9
Overwatch Logic Puzzle
10
Who's on the WWE 2K24 Cover?
Explore More
Trending Topics
NBA
Marvel
Crossword
Kpop
Disney
Harry Potter
Anime
Country
Puzzle
Pokémon
Song
The Office
WWE
NFL
Soccer
hide this ad
More By:
XPeaceChill
Quiz
Plays
Rating
Category
Featured
Created
Stardew Valley Villagers
10,817
4.85
Gaming
Apr 26, 2016
The Ending of The Great Gatsby
7,372
4.57
Literature
Apr 26, 2013
Survivor Item Match
6,007
4.61
Television
Jun 1, 2016
Gorillaz Clint Eastwood Lyrics
5,426
4.23
Music
Sep 13, 2013
Gorillaz Songs
4,652
4.94
Music
Jan 26, 2013
Go to Creator's Profile
Score Distribution
Quiz Creator Spotlight
XPeaceChill
Follow
Send a Message
Quizzes Created
-
Created Quiz Play Count
-
More By This Creator
Popular Quizzes Today
1
Find the US States - No Outlines Minefield
2
Colored Red Africa Blitz
3
Find the 'City' Movie
4
5x2 Blitz: Bands
5
The Countries of the World
6
Find the Countries of Europe - No Outlines Minefield
7
Find the US States
8
US States
More Gaming Quizzes
Click the Mega-Evolved Pokémon
Editor's Pick
Trending Quizzes
Colored Red Europe Blitz I
Colored Red Africa Blitz II
Colored Red Europe Blitz II
Colored Red Africa Blitz III
Colored Red Europe Blitz III
Recently Updated
How Do You Spell That?
pecheneg
Godzilla Movies
pecheneg
Grab Bag: 4-10 Letters
pecheneg
2024 March Madness Bracket
pecheneg
Famous TV Couples
Peacemaker
Champions League XIs: Real Madrid
pecheneg
Largest US Cities 1790-2010
pecheneg
Rides in Walt Disney World
pecheneg
Most Oscar Losses (Acting)
pecheneg
Beyoncé Albums
pecheneg
Trending Topics
Anime
Crossword
Harry Potter
Kpop
NBA
Disney
Marvel
The Office
Song
Puzzle
NFL
Pokémon
Country
WWE
Soccer
Your Account Isn't Verified!
In order to create a playlist on Sporcle, you need to verify the email address you used during registration. Go to your
Sporcle Settings
to finish the process.
Report this User
Report this user for behavior that violates our
Community Guidelines
.
Details:
Send Report
Go to the Sporcle.com Mobile Site →
Comments